| 000 | 00869nam0a22002291 4500 | ||
|---|---|---|---|
| 001 | rc\2737044 | ||
| 005 | 20250529135852.0 | ||
| 035 | _a(NLR Aleph) 006864288 | ||
| 090 |
_a6880285 _c6880285 |
||
| 100 | _a20110915d1937 |||y0rusy50 ca | ||
| 101 | 0 | _arus | |
| 102 | _aRU | ||
| 105 | _ay z ||||| | ||
| 200 | 1 |
_aМатериал к совещаниям учителей неполной средней и средней школы в январе 1938 года _eИностранные языки |
|
| 210 |
_a[Москва] _cНаркомпрос РСФСР _d1937 _g17 ф-ка нац. книги треста "Полиграфкнига" |
||
| 215 |
_a38, [2] с. _d23 см. |
||
| 700 | 1 |
_aРяжская _bС.С. _gСофия Станиславовна |
|
| 801 | 0 |
_aRU _bNLR _gpsbo |
|
| 801 | 1 |
_aRU _bELAR _2rusmarc |
|
| 852 |
_aNLR _j37-11/1182 |
||
| 942 | _cBOOK | ||
| 980 | _aNB | ||